| 000 | 00604nam a2200205 u 4500 | ||
|---|---|---|---|
| 005 | 20220622063631.0 | ||
| 008 | 140826s2010 r 000 0 eng d | ||
| 020 | _a9788484703723 | ||
| 035 | _aUPN01000199174 | ||
| 049 | _aI | ||
| 050 | 4 |
_aPZ49.63 _bO8.7 |
|
| 100 | 1 |
_aOshima, Eitaro, _d1961- _936118 |
|
| 245 | 1 | 3 |
_aEl tigre y el gato / _cEitaro Oshima ; tr. Rafael Ros. |
| 260 |
_aBarcelona, Esp. : _bCorimbo, _c2010. |
||
| 300 |
_a[35] p. : _bil. col. |
||
| 650 | 0 |
_aAnimales _vCuentos y leyendas _9234 |
|
| 650 | 4 |
_aLITERATURA INFANTIL JAPONESA _910010 |
|
| 905 | _aInfantil | ||
| 999 |
_c171275 _d171275 |
||